|
|
|
|
| LEADER |
00000cam a22000002c 4500 |
| 001 |
1866911716 |
| 003 |
DE-627 |
| 005 |
20250911105343.0 |
| 007 |
cr uuu---uuuuu |
| 008 |
231021s2013 xx |||||o 00| ||eng c |
| 035 |
|
|
|a (DE-627)1866911716
|
| 035 |
|
|
|a (DE-599)KXP1866911716
|
| 040 |
|
|
|a DE-627
|b ger
|c DE-627
|e rda
|
| 041 |
|
|
|a eng
|
| 084 |
|
|
|a 2,1
|2 ssgn
|
| 100 |
1 |
|
|a Straw, Leigh S. L.
|e VerfasserIn
|0 (DE-588)1041858388
|0 (DE-627)767881168
|0 (DE-576)391348663
|4 aut
|
| 109 |
|
|
|a Straw, Leigh S. L.
|
| 245 |
1 |
4 |
|a The worst female character : Criminal underclass women in Perth and Fremantle, 1900-1939
|
| 264 |
|
1 |
|c 2013
|
| 336 |
|
|
|a Text
|b txt
|2 rdacontent
|
| 337 |
|
|
|a Computermedien
|b c
|2 rdamedia
|
| 338 |
|
|
|a Online-Ressource
|b cr
|2 rdacarrier
|
| 520 |
|
|
|a Women charged with offences against good order in Perth and Fremantle from 1900 to 1939 faced institutionalised sexism through the courts, police, and legislation. While men were also criminalised for good order offences, women suffered a double punishment. Charged with drunkenness, being idle and disorderly, and vagrancy, female offenders were further outcast by a public discourse stereotyping them as bad women. The extent to which they were able to negotiate and contest this stereotyping was limited, but a subtle negotiation of female identities was possible. This article suggests that female criminal lives offer alternative ways in which to understand women negotiating the politics of respectability and characterisations of the bad woman
|
| 856 |
4 |
0 |
|u https://core.ac.uk/download/41531710.pdf
|x Verlag
|z kostenfrei
|3 Volltext
|7 0
|
| 935 |
|
|
|a mkri
|
| 951 |
|
|
|a BO
|
| ELC |
|
|
|a 1
|
| LOK |
|
|
|0 000 xxxxxcx a22 zn 4500
|
| LOK |
|
|
|0 001 4394721776
|
| LOK |
|
|
|0 003 DE-627
|
| LOK |
|
|
|0 004 1866911716
|
| LOK |
|
|
|0 005 20231021043623
|
| LOK |
|
|
|0 008 231021||||||||||||||||ger|||||||
|
| LOK |
|
|
|0 035
|a (DE-2619)CORE24249111
|
| LOK |
|
|
|0 040
|a DE-2619
|c DE-627
|d DE-2619
|
| LOK |
|
|
|0 092
|o n
|
| LOK |
|
|
|0 852
|a DE-2619
|
| LOK |
|
|
|0 852 1
|9 00
|
| LOK |
|
|
|0 935
|a core
|
| LOK |
|
|
|0 939
|a 21-10-23
|b l01
|
| OAS |
|
|
|a 1
|
| ORI |
|
|
|a SA-MARC-krimdoka001.raw
|